| 000 | 00889cam a22002777a 4500 | ||
|---|---|---|---|
| 003 | CHAP | ||
| 005 | 20220329134609.0 | ||
| 008 | 971013s1970 r 00010 d | ||
| 010 | _a22806 | ||
| 011 | _a23778 | ||
| 035 | _a27875 | ||
| 040 | _cCHAP | ||
| 090 | _aFolleto 11785 | ||
| 100 | 0 | 0 |
_aAvila Villafaña, Alfredo. _98844 |
| 245 | 1 | 3 | _aEl cultivo de sorgo en el Valle del Fuerte |
| 260 |
_aCuliacán, Sin. : _bInstituto Nacional de Investigaciones Agrícolas. Centro de Investigaciones Agrícolas de Sinaloa, _c1970 |
||
| 300 |
_a8 p. _b: ilus |
||
| 590 |
_aBATCH-UPD _b10 _c20130110 _lUCH01 _h2125 |
||
| 590 |
_aBATCH-UPD _b10 _c20130410 _lUCH01 _h1434 |
||
| 590 |
_aBATCH-UPD _b10 _c20130914 _lUCH01 _h0457 |
||
| 590 |
_aCONVERSION _b10 _c20130109 _lUCH01 _h1313 |
||
| 650 | 1 | 4 |
_aSorgo _xSinaloa. _9108722 |
| 901 | _aBK | ||
| 942 | _cFOLL | ||
| 949 |
_bBC _cFOLL _d-64436 _eTS1 _i27875 _si |
||
| 999 |
_c22806 _d22806 |
||